000
00306nam a22001337a 4500
003
OSt
005
20231128163820.0
008
231128b |||||||| |||| 00| 0 eng d
040
_c
CO-JMCR
082
_a
N /
_b
CUEn
100
_a
Cuervo, Carolina,
_9
43013
245
_a
9 maneras de morir /
942
_2
ddc
_c
BK
999
_c
30438
_d
16822